<?xml version="1.0" encoding="UTF-8"?><?xml-stylesheet type="text/xsl" href="static/style.xsl"?><OAI-PMH xmlns="http://www.openarchives.org/OAI/2.0/" xmlns:xsi="http://www.w3.org/2001/XMLSchema-instance" xsi:schemaLocation="http://www.openarchives.org/OAI/2.0/ http://www.openarchives.org/OAI/2.0/OAI-PMH.xsd"><responseDate>2026-04-17T20:36:53Z</responseDate><request verb="GetRecord" identifier="oai:riubu.ubu.es:10259/7480" metadataPrefix="marc">https://riubu.ubu.es/oai/request</request><GetRecord><record><header><identifier>oai:riubu.ubu.es:10259/7480</identifier><datestamp>2023-04-17T11:22:49Z</datestamp><setSpec>com_10259_3844</setSpec><setSpec>com_10259_5086</setSpec><setSpec>com_10259_2604</setSpec><setSpec>com_10259_3843</setSpec><setSpec>com_10259_3591</setSpec><setSpec>com_10259.4_106</setSpec><setSpec>col_10259_3845</setSpec><setSpec>col_10259_6162</setSpec></header><metadata><record xmlns="http://www.loc.gov/MARC21/slim" xmlns:doc="http://www.lyncode.com/xoai" xmlns:xsi="http://www.w3.org/2001/XMLSchema-instance" xmlns:dcterms="http://purl.org/dc/terms/" xsi:schemaLocation="http://www.loc.gov/MARC21/slim http://www.loc.gov/standards/marcxml/schema/MARC21slim.xsd">
<leader>00925njm 22002777a 4500</leader>
<datafield tag="042" ind1=" " ind2=" ">
<subfield code="a">dc</subfield>
</datafield>
<datafield tag="720" ind1=" " ind2=" ">
<subfield code="a">Hernández Muñoz, Sheila</subfield>
<subfield code="e">author</subfield>
</datafield>
<datafield tag="720" ind1=" " ind2=" ">
<subfield code="a">García, Lydia</subfield>
<subfield code="e">author</subfield>
</datafield>
<datafield tag="720" ind1=" " ind2=" ">
<subfield code="a">Pérez Estébanez, Martín</subfield>
<subfield code="e">author</subfield>
</datafield>
<datafield tag="720" ind1=" " ind2=" ">
<subfield code="a">Cheuquepan Valenzuela, William</subfield>
<subfield code="e">author</subfield>
</datafield>
<datafield tag="720" ind1=" " ind2=" ">
<subfield code="a">Heras Vidaurre, Aránzazu</subfield>
<subfield code="e">author</subfield>
</datafield>
<datafield tag="720" ind1=" " ind2=" ">
<subfield code="a">Colina Santamaría, Álvaro</subfield>
<subfield code="e">author</subfield>
</datafield>
<datafield tag="260" ind1=" " ind2=" ">
<subfield code="c">2022-08</subfield>
</datafield>
<datafield tag="520" ind1=" " ind2=" ">
<subfield code="a">A new, simple and fast protocol to generate gold-based SERS substrates is presented in this work. Melamine is a&#xd;
compound widely used in the industry that can be toxic for humans if consumed even in low concentrations.&#xd;
EC-SERS is an excellent alternative to classical methods to detect and quantify this compound because Raman&#xd;
spectroscopy provides a fingerprint of the molecules, providing very good sensitivity. In this work, timeresolved Raman spectroelectrochemistry is employed to generate a SERS substrate and to detect melamine,&#xd;
all in a single experiment. The dynamic character of this technique provides valuable information about the&#xd;
interaction of the molecule with the generated substrate. An optimization of the spectroelectrochemical&#xd;
method based on a multi-pulse amperometric detection has been performed. The new protocol presented in&#xd;
this work shows significant figures of merit in a very short experiment time, just 25 s.</subfield>
</datafield>
<datafield tag="024" ind2=" " ind1="8">
<subfield code="a">1572-6657</subfield>
</datafield>
<datafield tag="024" ind2=" " ind1="8">
<subfield code="a">http://hdl.handle.net/10259/7480</subfield>
</datafield>
<datafield tag="024" ind2=" " ind1="8">
<subfield code="a">10.1016/j.jelechem.2022.116478</subfield>
</datafield>
<datafield ind1=" " ind2=" " tag="653">
<subfield code="a">EC-SERS</subfield>
</datafield>
<datafield ind1=" " ind2=" " tag="653">
<subfield code="a">Gold-electrodes</subfield>
</datafield>
<datafield ind1=" " ind2=" " tag="653">
<subfield code="a">Time-resolved spectroelectrochemistry</subfield>
</datafield>
<datafield ind1=" " ind2=" " tag="653">
<subfield code="a">Raman</subfield>
</datafield>
<datafield ind1=" " ind2=" " tag="653">
<subfield code="a">Melamine</subfield>
</datafield>
<datafield tag="245" ind1="0" ind2="0">
<subfield code="a">Multiamperometric-SERS detection of melamine on gold screen-printed electrodes</subfield>
</datafield>
</record></metadata></record></GetRecord></OAI-PMH>